| Tag |
First Indicator |
Second Indicator |
Subfields |
| LEADER |
00000cam a2200000 a 4500 |
| 001 |
in00000070318 |
| 005 |
20151008061706.0 |
| 008 |
820125c19791973cauab 00010 eng d |
| 010 |
|
|
|a 73079896
|
| 020 |
|
|
|a 0871560925
|
| 035 |
|
|
|a (OCoLC)08090169
|
| 035 |
|
|
|9 AAJ8614AM
|
| 040 |
|
|
|a TXA
|c TXA
|d UtOrBLW
|
| 043 |
|
|
|a n-us-wy
|
| 049 |
|
|
|a TXAM
|c [985024]
|
| 090 |
|
|
|a F767.T3
|b L38 1979
|
| 100 |
1 |
|
|a Lawrence, Paul,
|d 1941-
|
| 245 |
1 |
0 |
|a Hiking the Teton backcountry /
|c by Paul Lawrence.
|
| 250 |
|
|
|a 2nd rev. ed.
|
| 264 |
|
1 |
|a San Francisco, Calif. :
|b Sierra Club,
|c 1979
|
| 264 |
|
4 |
|c ©1973
|
| 300 |
|
|
|a 156 pages :
|b illustrations, maps ;
|c 15 cm.
|
| 336 |
|
|
|a text
|b txt
|2 rdacontent
|
| 337 |
|
|
|a unmediated
|b n
|2 rdamedia
|
| 338 |
|
|
|a volume
|b nc
|2 rdacarrier
|
| 490 |
1 |
|
|a A Sierra Club totebook
|
| 650 |
|
0 |
|a Hiking
|z Wyoming
|z Grand Teton National Park.
|
| 651 |
|
0 |
|a Grand Teton National Park (Wyo.)
|
| 651 |
|
0 |
|a Teton Mountains.
|
| 830 |
|
0 |
|a Sierra Club totebook.
|
| 999 |
|
|
|a MARS
|
| 999 |
f |
f |
|s 15dce8ab-f635-3f87-abd6-3a7dffd3f6a7
|i f61fb616-476f-3dc8-8192-214a382a59d5
|t 0
|
| 952 |
f |
f |
|p normal
|a Texas A&M University
|b College Station
|c Sterling C. Evans Library
|d Evans: Library Stacks
|t 0
|e F767.T3 L38 1979
|h Library of Congress classification
|i unmediated -- volume
|m A14806110266
|
| 998 |
f |
f |
|a F767.T3 L38 1979
|t 0
|l Evans: Library Stacks
|